Score 0/20 Timer 03:00
1 Play Today
#1 Hit Song Missing Word % Correct
Killing Me _____ with His SongSoftly
96%
Midnight _____ to GeorgiaTrain
92.4%
Let's _____ It OnGet
91.5%
Tie a Yellow _____ Round the Ole Oak TreeRibbon
90.4%
_____ on Truckin'Keep
89.7%
You're So _____Vain
89.2%
Crocodile _____Rock
87.6%
_____, Bad Leroy BrownBad
84.8%
The Night the _____ Went Out in GeorgiaLights
83.5%
Give Me Love (Give Me Peace on _____)Earth
80.2%
#1 Hit Song Missing Word % Correct
Top of the _____World
79.8%
Touch Me in the _____Morning
77.5%
The Most _____ GirlBeautiful
77%
You Are the _____ of My LifeSunshine
69.5%
_____ TrainLove
64.9%
The Morning _____After
62.6%
_____-BreedHalf
61.2%
We're an _____ BandAmerican
60.7%
Delta _____Dawn
52.3%
Will It Go Round in _____Circles
42.9%

Today's Daily Dose

Missing Word
Train Books

Word Ladder
Piano Man

Quick Pick
Google Products

Get the Picture
Moana or Coco

Remove Ads.
Support Sporcle.
Get the best of Sporcle when you Go Orange. This ad-free experience offers more features, more stats, and more fun while also helping to support Sporcle. Thank you for becoming a member.

You're not logged in!

Compare scores with friends on all Sporcle quizzes.
OR
Log In

Show Comments

Extras

Top Quizzes Today


Score Distribution

Your Account Isn't Verified!

In order to create a playlist on Sporcle, you need to verify the email address you used during registration. Go to your Sporcle Settings to finish the process.

Report this User

Report this user for behavior that violates our Community Guidelines.

Details: